[Event "Guelph Fall ProAm"]
[Site "Guelph CAN"]
[Date "2011.11.05"]
[Round "3"]
[White "Brajkovic, Nikola"]
[Black "Peng, Jackie"]
[Result "1/2-1/2"]
[WhiteElo "2012"]
[BlackElo "2121"]
[PlyCount "98"]
[GameId "2160767909573685"]
[EventDate "2011.11.05"]
[EventType "swiss"]
[EventRounds "5"]
[EventCountry "CAN"]
[SourceTitle "EXT 2022"]
[Source "ChessBase"]
[SourceDate "2021.10.06"]
[SourceVersion "1"]
[SourceVersionDate "2021.10.06"]
[SourceQuality "1"]

1. d4 Nf6 2. e3 g6 3. Bd3 Bg7 4. Nd2 d6 5. Qe2 Nbd7 6. f4 O-O 7. Ngf3 e5 8. dxe5 dxe5 9. f5 Qe7 10. e4 gxf5 11. O-O fxe4 12. Nxe4 Nxe4 13. Bxe4 f5 14. Bd5+ Kh8 15. Kh1 Qd6 16. Bc4 Nb6 17. Rd1 Qe7 18. Bg5 Qc5 19. Bb3 f4 20. Bh4 Bg4 21. h3 Bh5 22. Bf2 Qe7 23. Bxb6 axb6 24. Bd5 Rae8 25. Be4 Bh6 26. Rd5 c6 27. Rd3 Rd8 28. Rad1 Rxd3 29. Qxd3 Bg5 30. Qd7 Rf7 31. Qxe7 Bxe7 32. Nxe5 Bxd1 33. Nxf7+ Kg7 34. Ne5 Bf6 35. Nc4 b5 36. Nd6 Bxb2 37. Nxb7 b4 38. Nd8 Bc3 39. Nxc6 Be2 40. Na5 h5 41. Nb3 Kf6 42. Kg1 Be1 43. Bd3 Bxd3 44. cxd3 Ke5 45. Kf1 Bg3 46. Ke2 Kd5 47. Kd2 Bf2 48. Na1 Bh4 49. Nc2 Be7 1/2-1/2

[Event "Guelph Fall ProAm"]
[Site "Guelph CAN"]
[Date "2011.11.05"]
[Round "3"]
[White "Dougherty, Michael"]
[Black "Plotkin, Victor"]
[Result "1/2-1/2"]
[WhiteElo "2305"]
[BlackElo "2377"]
[PlyCount "42"]
[GameId "2160767909573686"]
[EventDate "2011.11.05"]
[EventType "swiss"]
[EventRounds "5"]
[EventCountry "CAN"]
[SourceTitle "EXT 2022"]
[Source "ChessBase"]
[SourceDate "2021.10.06"]
[SourceVersion "1"]
[SourceVersionDate "2021.10.06"]
[SourceQuality "1"]

1. d4 Nf6 2. c4 e6 3. Nc3 d5 4. Bg5 Be7 5. Nf3 O-O 6. e3 h6 7. Bxf6 Bxf6 8. Qc2 c6 9. g4 g6 10. h4 Bg7 11. g5 h5 12. O-O-O Qe7 13. Ne5 dxc4 14. f4 b5 15. Ne4 Bb7 16. Rg1 Rd8 17. Nf6+ Kf8 18. Bh3 Na6 19. a3 Nc7 20. Nh7+ Ke8 21. Nf6+ Kf8 1/2-1/2

[Event "Guelph Fall ProAm"]
[Site "Guelph CAN"]
[Date "2011.11.05"]
[Round "3"]
[White "Egorov, Mikhail"]
[Black "Cormier, Adam"]
[Result "0-1"]
[WhiteElo "2086"]
[BlackElo "2076"]
[PlyCount "66"]
[GameId "2160767909573687"]
[EventDate "2011.11.05"]
[EventType "swiss"]
[EventRounds "5"]
[EventCountry "CAN"]
[SourceTitle "EXT 2022"]
[Source "ChessBase"]
[SourceDate "2021.10.06"]
[SourceVersion "1"]
[SourceVersionDate "2021.10.06"]
[SourceQuality "1"]

1. c4 c5 2. Nc3 Nf6 3. g3 d5 4. cxd5 Nxd5 5. Bg2 Nc7 6. Nf3 Nc6 7. O-O e5 8. a3 f6 9. d3 Be7 10. Bd2 O-O 11. Rc1 Kh8 12. Na4 Ne6 13. Rb1 Bd7 14. b4 cxb4 15. axb4 Rb8 16. Bc3 b5 17. Nb2 Bxb4 18. Bxb4 Nxb4 19. d4 exd4 20. Nxd4 a5 21. Nf3 Bc6 22. Qc1 Qb6 23. Bh3 Bxf3 24. exf3 Nd4 25. Kh1 Nxf3 26. Qf4 Ne5 27. Nd1 Nd5 28. Qh4 Rbd8 29. f4 Ng6 30. Qh5 Qc6 31. Bg2 Qc5 32. Nf2 Nge7 33. Rfc1 Qxf2 0-1

[Event "Guelph Fall ProAm"]
[Site "Guelph CAN"]
[Date "2011.11.05"]
[Round "3"]
[White "Sapozhnikov, Roman"]
[Black "Filipovich, David"]
[Result "1-0"]
[WhiteElo "2478"]
[BlackElo "2223"]
[PlyCount "57"]
[GameId "2160767909573692"]
[EventDate "2011.11.05"]
[EventType "swiss"]
[EventRounds "5"]
[EventCountry "CAN"]
[SourceTitle "EXT 2022"]
[Source "ChessBase"]
[SourceDate "2021.10.06"]
[SourceVersion "1"]
[SourceVersionDate "2021.10.06"]
[SourceQuality "1"]

1. e4 c6 2. d4 d5 3. e5 Bf5 4. Nf3 e6 5. Be2 Nd7 6. O-O Bg6 7. Nbd2 Nh6 8. Nb3 Nf5 9. Bd2 Be7 10. g4 Nh4 11. Nxh4 Bxh4 12. f4 f6 13. f5 Bf7 14. fxe6 Bxe6 15. exf6 Nxf6 16. Nc5 Qe7 17. g5 Ne4 18. Bd3 Nxc5 19. Qh5+ g6 20. Qxh4 Nxd3 21. cxd3 O-O-O 22. Rf6 Bf5 23. Re1 Qd7 24. Qg3 Rhe8 25. Re5 Re6 26. Rexe6 Bxe6 27. Qe5 Bh3 28. Bf4 Qg4+ 29. Kf2 1-0

[Event "Guelph Fall ProAm"]
[Site "Guelph CAN"]
[Date "2011.11.06"]
[Round "4"]
[White "Itkin, David"]
[Black "Wiebe, Daniel"]
[Result "1-0"]
[WhiteElo "2142"]
[BlackElo "1970"]
[PlyCount "39"]
[GameId "2160767909573696"]
[EventDate "2011.11.05"]
[EventType "swiss"]
[EventRounds "5"]
[EventCountry "CAN"]
[SourceTitle "EXT 2022"]
[Source "ChessBase"]
[SourceDate "2021.10.06"]
[SourceVersion "1"]
[SourceVersionDate "2021.10.06"]
[SourceQuality "1"]

1. e4 c5 2. Nc3 d6 3. Nf3 e6 4. d4 cxd4 5. Nxd4 Nf6 6. Bc4 a6 7. Bb3 Nbd7 8. Bg5 Nc5 9. f4 Be7 10. Qf3 Qc7 11. O-O-O b5 12. Bxf6 gxf6 13. e5 Bb7 14. Qh5 O-O 15. Rhe1 b4 16. Re3 bxc3 17. Rg3+ Kh8 18. Rh3 Be4 19. f5 Nxb3+ 20. Kb1 1-0

[Event "Guelph Fall ProAm"]
[Site "Guelph CAN"]
[Date "2011.11.06"]
[Round "5"]
[White "Filipovich, David"]
[Black "Cormier, Adam"]
[Result "0-1"]
[WhiteElo "2223"]
[BlackElo "2076"]
[PlyCount "62"]
[GameId "2160767909573700"]
[EventDate "2011.11.05"]
[EventType "swiss"]
[EventRounds "5"]
[EventCountry "CAN"]
[SourceTitle "EXT 2022"]
[Source "ChessBase"]
[SourceDate "2021.10.06"]
[SourceVersion "1"]
[SourceVersionDate "2021.10.06"]
[SourceQuality "1"]

1. Nf3 c5 2. g3 d5 3. Bg2 Nc6 4. d4 Nf6 5. O-O Qb6 6. dxc5 Qxc5 7. a3 Bf5 8. c3 e5 9. b4 Qb6 10. a4 Qc7 11. Bg5 Rd8 12. Nbd2 Be7 13. Nb3 O-O 14. Qc1 b6 15. Qb2 h6 16. Bd2 Ne4 17. Be3 Nb8 18. Rfc1 Rc8 19. Bd2 Nxd2 20. Nfxd2 Be6 21. c4 dxc4 22. Nxc4 Bxb4 23. Nbd2 Bxd2 24. Nxd2 Qd6 25. a5 Rfd8 26. axb6 axb6 27. Rxc8 Rxc8 28. Bb7 Rc7 29. Ne4 Qd4 30. Qxd4 exd4 31. Ra8 Bh3 0-1

[Event "Guelph Fall ProAm"]
[Site "Guelph CAN"]
[Date "2011.11.06"]
[Round "5"]
[White "Gusev, Nikita"]
[Black "Itkin, David"]
[Result "1-0"]
[WhiteElo "2272"]
[BlackElo "2142"]
[PlyCount "65"]
[GameId "2160767909573701"]
[EventDate "2011.11.05"]
[EventType "swiss"]
[EventRounds "5"]
[EventCountry "CAN"]
[SourceTitle "EXT 2022"]
[Source "ChessBase"]
[SourceDate "2021.10.06"]
[SourceVersion "1"]
[SourceVersionDate "2021.10.06"]
[SourceQuality "1"]

1. e4 d5 2. exd5 Nf6 3. Bb5+ Bd7 4. Bc4 Bg4 5. f3 Bf5 6. Nc3 Nbd7 7. Qe2 Nb6 8. Bb3 Qd7 9. d6 Qxd6 10. Nb5 Qd7 11. Qe5 O-O-O 12. Nxa7+ Kb8 13. Nb5 e6 14. d3 Nfd5 15. Nc3 Bd6 16. Qe2 Nf4 17. Qf1 Nbd5 18. Nge2 Bxd3 19. cxd3 Nxd3+ 20. Kd1 N5b4 21. a3 Nf2+ 22. Ke1 Nbd3+ 23. Kd2 Bf4+ 24. Nxf4 Nxf4+ 25. Kc2 N4d3 26. Be3 Nxh1 27. Rd1 h5 28. Qxh1 Qc6 29. Rxd3 Rxd3 30. Kxd3 Rd8+ 31. Kc2 Qa6 32. Kc1 Qd3 33. Qe1 1-0

[Event "Guelph Fall ProAm"]
[Site "Guelph CAN"]
[Date "2011.11.06"]
[Round "5"]
[White "Peng, Jackie"]
[Black "Wiebe, Daniel"]
[Result "1-0"]
[WhiteElo "2121"]
[BlackElo "1970"]
[PlyCount "91"]
[GameId "2160767909573702"]
[EventDate "2011.11.05"]
[EventType "swiss"]
[EventRounds "5"]
[EventCountry "CAN"]
[SourceTitle "EXT 2022"]
[Source "ChessBase"]
[SourceDate "2021.10.06"]
[SourceVersion "1"]
[SourceVersionDate "2021.10.06"]
[SourceQuality "1"]

1. e4 c5 2. Nf3 d6 3. d4 cxd4 4. Nxd4 Nf6 5. Nc3 a6 6. Bg5 e6 7. Qd2 Be7 8. O-O-O Qc7 9. f3 Nbd7 10. g4 b5 11. h4 Nb6 12. Ndxb5 axb5 13. Nxb5 Qc6 14. Nxd6+ Bxd6 15. Qxd6 Qxd6 16. Rxd6 Nbd7 17. Kb1 Ke7 18. Rd2 Ne5 19. Be2 h6 20. Bf4 Nfd7 21. Rhd1 Ba6 22. c4 Rhd8 23. b3 f6 24. Kc2 Nc6 25. Bd6+ Ke8 26. Bc7 e5 27. Bxd8 Rxd8 28. Kc3 Nd4 29. Rc1 Nf8 30. Kb2 Nfe6 31. Bd1 Kd7 32. b4 Rb8 33. a3 Kc6 34. Kc3 Kb6 35. b5 Bc8 36. Kb4 Nc5 37. a4 Ra8 38. Ra1 Ra5 39. Ra3 Be6 40. f4 Nxe4 41. c5+ Nxc5 42. fxe5 fxe5 43. Rc3 Nd7 44. Rxd4 exd4 45. Rc6+ Kb7 46. Kxa5 1-0

[Event "Guelph Winter ProAm"]
[Site "Guelph CAN"]
[Date "2011.02.05"]
[Round "1"]
[White "Cormier, Adam"]
[Black "Verde, Pino"]
[Result "1-0"]
[WhiteElo "1974"]
[BlackElo "1724"]
[PlyCount "61"]
[GameId "2160767909812712"]
[EventDate "2011.02.05"]
[EventType "swiss"]
[EventRounds "5"]
[EventCountry "CAN"]
[SourceTitle "EXT 2022"]
[Source "ChessBase"]
[SourceDate "2021.10.06"]
[SourceVersion "1"]
[SourceVersionDate "2021.10.06"]
[SourceQuality "1"]

1. d4 Nf6 2. c4 e6 3. Nf3 Be7 4. Nc3 d5 5. e3 c6 6. b3 Nbd7 7. Bb2 Nf8 8. Bd3 a6 9. O-O Ng6 10. Rc1 Bd6 11. Qe2 Bd7 12. Rfe1 b5 13. e4 Nf4 14. Qe3 Ng4 15. Qd2 h5 16. Ne2 Qf6 17. e5 Nh3+ 18. gxh3 Qxf3 19. hxg4 Qxg4+ 20. Ng3 h4 21. f3 Qxf3 22. Be2 Bb4 23. Bc3 Bxc3 24. Rxc3 Qxc3 25. Qxc3 hxg3 26. hxg3 O-O-O 27. Kg2 f6 28. Qa5 Rdf8 29. Qxa6+ Kd8 30. Rh1 fxe5 31. dxe5 1-0

[Event "Guelph Winter ProAm"]
[Site "Guelph CAN"]
[Date "2011.02.05"]
[Round "1"]
[White "Drkulec, Vladimir"]
[Black "Orlova, Yelizaveta"]
[Result "0-1"]
[WhiteElo "2096"]
[BlackElo "2002"]
[PlyCount "70"]
[GameId "2160767909812713"]
[EventDate "2011.02.05"]
[EventType "swiss"]
[EventRounds "5"]
[EventCountry "CAN"]
[SourceTitle "EXT 2022"]
[Source "ChessBase"]
[SourceDate "2021.10.06"]
[SourceVersion "1"]
[SourceVersionDate "2021.10.06"]
[SourceQuality "1"]

1. d4 c5 2. d5 e5 3. e4 d6 4. Bb5+ Bd7 5. a4 b6 6. Bc4 f5 7. Nc3 Nf6 8. Qe2 f4 9. g3 fxg3 10. hxg3 Be7 11. f3 O-O 12. Qh2 Be8 13. f4 Nbd7 14. Nf3 h6 15. Ra3 Bh5 16. Ng5 hxg5 17. fxg5 Bf3 18. gxf6 Nxf6 19. O-O Bg4 20. Qh4 Qe8 21. Rxf6 Bxf6 22. Qxg4 a6 23. Bf1 Qf7 24. Qe2 Qg6 25. Qh2 Bg5 26. Bxg5 Qxg5 27. Ne2 Rf6 28. Bh3 g6 29. Bg2 Raf8 30. g4 Qd2 31. Qh4 Qxe2 32. Rh3 Qf2+ 33. Kh2 Qxh4 34. Rxh4 Rf2 35. Kg3 Rxc2 0-1

[Event "Guelph Winter ProAm"]
[Site "Guelph CAN"]
[Date "2011.02.05"]
[Round "1"]
[White "Ferreira, Alex"]
[Black "Sapozhnikov, Roman"]
[Result "0-1"]
[WhiteElo "2045"]
[BlackElo "2428"]
[PlyCount "76"]
[GameId "2160767909812715"]
[EventDate "2011.02.05"]
[EventType "swiss"]
[EventRounds "5"]
[EventCountry "CAN"]
[SourceTitle "EXT 2022"]
[Source "ChessBase"]
[SourceDate "2021.10.06"]
[SourceVersion "1"]
[SourceVersionDate "2021.10.06"]
[SourceQuality "1"]

1. d4 Nf6 2. Bg5 c5 3. Bxf6 gxf6 4. c3 Qb6 5. Qb3 cxd4 6. Qxb6 axb6 7. Nf3 dxc3 8. Nxc3 e6 9. O-O-O Bb4 10. Ne4 Rxa2 11. Nxf6+ Ke7 12. Kb1 Ra8 13. Ng4 d5 14. Nge5 Nc6 15. e3 Bd6 16. Nd3 e5 17. Nc1 Bf5+ 18. Bd3 Bxd3+ 19. Rxd3 e4 20. Rxd5 exf3 21. gxf3 Ra5 22. Rhd1 Rxd5 23. Rxd5 Bxh2 24. f4 Bg1 25. Nd3 Rg8 26. Rh5 Rg2 27. f5 Bxf2 28. Nf4 Rg5 29. Nd5+ Kd6 30. e4 Rg4 31. Nc3 Nb4 32. b3 Rg1+ 33. Kb2 Bd4 34. Rh3 Kc5 35. Ka3 b5 36. f6 Nc2+ 37. Kb2 Ne3 38. Rh5+ Kb4 0-1

[Event "Guelph Winter ProAm"]
[Site "Guelph CAN"]
[Date "2011.02.05"]
[Round "1"]
[White "Guo, Joshua"]
[Black "Bzikot, Robert"]
[Result "1-0"]
[WhiteElo "2225"]
[BlackElo "2008"]
[PlyCount "125"]
[GameId "2160767909812716"]
[EventDate "2011.02.05"]
[EventType "swiss"]
[EventRounds "5"]
[EventCountry "CAN"]

1. e4 d6 2. d4 Nf6 3. Bd3 g6 4. c4 Nc6 5. Ne2 e5 6. d5 Ne7 7. Nbc3 Bg7 8. f3 c5 9. dxc6 bxc6 10. Bg5 O-O 11. Qd2 d5 12. O-O d4 13. Na4 Nd7 14. c5 f6 15. Bh4 Kh8 16. Kh1 Ng8 17. f4 exf4 18. Nxf4 Qe7 19. Bf2 Nxc5 20. Nxc5 Qxc5 21. Ne2 f5 22. exf5 Bxf5 23. Bxf5 Rxf5 24. Bxd4 Bxd4 25. Rxf5 Qxf5 26. Qxd4+ Qf6 27. Rc1 Rd8 28. Qxf6+ Nxf6 29. Rxc6 Ne4 30. Rc2 Nf2+ 31. Kg1 Ng4 32. Nc3 Re8 33. Re2 Rd8 34. h3 Nf6 35. Kf2 Kg8 36. Ke1 Kf7 37. Ne4 Nh5 38. g4 Ng7 39. Ng5+ Kg8 40. Re7 Rd5 41. Ne4 Ra5 42. Nc3 Kf8 43. Rb7 h5 44. Rb5 Ra6 45. a3 Kf7 46. Kf2 hxg4 47. hxg4 Ne6 48. Ne4 Nd4 49. Rb7+ Ke8 50. Nc5 Ra5 51. Nb3 Rb5 52. Rxb5 Nxb5 53. Ke3 Ke7 54. Nd4 Nd6 55. b3 a6 56. Nc6+ Kf6 57. Nb8 a5 58. Nc6 a4 59. bxa4 Nc4+ 60. Kd4 Nxa3 61. Kc5 Ke6 62. a5 Kd7 63. Ne5+ 1-0

[Event "Guelph Winter ProAm"]
[Site "Guelph CAN"]
[Date "2011.02.05"]
[Round "1"]
[White "Zybura, Andre"]
[Black "Semianiuk, Konstantin"]
[Result "0-1"]
[WhiteElo "2007"]
[BlackElo "2428"]
[PlyCount "64"]
[GameId "2160767909812718"]
[EventDate "2011.02.05"]
[EventType "swiss"]
[EventRounds "5"]
[EventCountry "CAN"]
[SourceTitle "EXT 2022"]
[Source "ChessBase"]
[SourceDate "2021.10.06"]
[SourceVersion "1"]
[SourceVersionDate "2021.10.06"]
[SourceQuality "1"]

1. e4 c5 2. d4 cxd4 3. c3 d3 4. Bxd3 g6 5. Nf3 Bg7 6. Bf4 d6 7. Nbd2 Nf6 8. O-O O-O 9. Qe2 Nc6 10. Rad1 Nd7 11. Rfe1 a6 12. Nc4 b5 13. Ne3 b4 14. Nd4 Nxd4 15. cxd4 Bxd4 16. Bh6 Bg7 17. Bxg7 Kxg7 18. Qd2 a5 19. Ng4 Nc5 20. Qh6+ Kg8 21. Ne3 Be6 22. Nf5 gxf5 23. Re3 f4 24. Bb1 fxe3 25. e5 exf2+ 26. Kh1 f5 27. exf6 Rf7 28. Rf1 Qf8 29. Qg5+ Kh8 30. Qh4 exf6 31. Rxf2 f5 32. Qd4+ Qg7 0-1

[Event "Guelph Winter ProAm"]
[Site "Guelph CAN"]
[Date "2011.02.05"]
[Round "2"]
[White "Becker, Paul"]
[Black "Zybura, Andre"]
[Result "1-0"]
[WhiteElo "2077"]
[BlackElo "2007"]
[PlyCount "37"]
[GameId "2160767909812719"]
[EventDate "2011.02.05"]
[EventType "swiss"]
[EventRounds "5"]
[EventCountry "CAN"]
[SourceTitle "EXT 2022"]
[Source "ChessBase"]
[SourceDate "2021.10.06"]
[SourceVersion "1"]
[SourceVersionDate "2021.10.06"]
[SourceQuality "1"]

1. e4 e5 2. Nf3 Nf6 3. Nxe5 Nxe4 4. Qe2 Qe7 5. Qxe4 d6 6. d4 dxe5 7. dxe5 Nc6 8. Bb5 Bd7 9. Nc3 O-O-O 10. O-O Qb4 11. e6 fxe6 12. Bxc6 bxc6 13. Bg5 Re8 14. Qxb4 Bxb4 15. Ne4 h6 16. Be3 Kb7 17. Rad1 Rd8 18. Rd3 Bc8 19. Rb3 1-0

[Event "Guelph Winter ProAm"]
[Site "Guelph CAN"]
[Date "2011.02.05"]
[Round "3"]
[White "Egorov, Mikhail"]
[Black "Zoccano, John"]
[Result "1-0"]
[WhiteElo "2158"]
[BlackElo "1890"]
[PlyCount "47"]
[GameId "2160767909812722"]
[EventDate "2011.02.05"]
[EventType "swiss"]
[EventRounds "5"]
[EventCountry "CAN"]
[SourceTitle "EXT 2022"]
[Source "ChessBase"]
[SourceDate "2021.10.06"]
[SourceVersion "1"]
[SourceVersionDate "2021.10.06"]
[SourceQuality "1"]

1. Nf3 d5 2. b3 Bf5 3. Bb2 Nf6 4. e3 Nbd7 5. Be2 h6 6. O-O e6 7. Nd4 Bg6 8. f4 c5 9. f5 cxd4 10. fxg6 fxg6 11. exd4 Bd6 12. Bg4 Nxg4 13. Qxg4 Nf8 14. Nc3 Qd7 15. a4 a6 16. a5 O-O-O 17. Ba3 Bxa3 18. Rxa3 Qe7 19. Ra4 g5 20. b4 Nd7 21. Qe2 Nf6 22. b5 Qd6 23. Rb1 Nd7 24. Rab4 1-0

[Event "Guelph Winter ProAm"]
[Site "Guelph CAN"]
[Date "2011.02.05"]
[Round "3"]
[White "Ferreira, Alex"]
[Black "Itkin, David"]
[Result "0-1"]
[WhiteElo "2045"]
[BlackElo "2039"]
[PlyCount "78"]
[GameId "2160767909812723"]
[EventDate "2011.02.05"]
[EventType "swiss"]
[EventRounds "5"]
[EventCountry "CAN"]
[SourceTitle "EXT 2022"]
[Source "ChessBase"]
[SourceDate "2021.10.06"]
[SourceVersion "1"]
[SourceVersionDate "2021.10.06"]
[SourceQuality "1"]

1. d4 Nf6 2. Bg5 d5 3. Bxf6 gxf6 4. e3 e5 5. c3 Be6 6. Nd2 Bd6 7. Qb3 Nd7 8. c4 dxc4 9. Bxc4 Qe7 10. Ne2 O-O-O 11. h3 Rhg8 12. g4 exd4 13. Nxd4 Nc5 14. Qc2 h5 15. gxh5 Rg2 16. b4 Bxc4 17. Qxc4 Bg3 18. O-O-O Bxf2 19. Qxc5 Qxe3 20. Nb5 Qxc5+ 21. bxc5 Be3 22. Nxa7+ Kb8 23. Nb5 Rgxd2 24. Rxd2 Rxd2 25. Rd1 Rd5+ 26. Kc2 Rxc5+ 27. Nc3 Rxh5 28. Rd8+ Ka7 29. Rd7 c6 30. Rxf7 Rxh3 31. Ne4 Bd4 32. Nd6 Rh2+ 33. Kb3 Rb2+ 34. Ka3 Rb1 35. Ne4 Ka6 36. Rd7 Be3 37. Rxb7 Rxb7 38. Nxf6 Ka5 39. Ne4 Bc1# 0-1

[Event "Guelph Winter ProAm"]
[Site "Guelph CAN"]
[Date "2011.02.05"]
[Round "3"]
[White "Guo, Joshua"]
[Black "Both, Aaron"]
[Result "1-0"]
[WhiteElo "2225"]
[BlackElo "1984"]
[PlyCount "59"]
[GameId "2160767909812724"]
[EventDate "2011.02.05"]
[EventType "swiss"]
[EventRounds "5"]
[EventCountry "CAN"]

1. e4 c5 2. c3 Nf6 3. e5 Nd5 4. d4 e6 5. Nf3 cxd4 6. cxd4 Nc6 7. Bc4 Nb6 8. Bb3 a5 9. O-O a4 10. Bc2 Nb4 11. Be4 d5 12. exd6 Bxd6 13. Nc3 f5 14. Bg5 Be7 15. Bxe7 Qxe7 16. Bxf5 O-O 17. Be4 a3 18. Qb3 axb2 19. Rab1 Kh8 20. Rxb2 N4d5 21. Bxd5 Nxd5 22. Nxd5 exd5 23. Qxd5 Rf5 24. Ne5 Be6 25. Qxb7 Qd8 26. Qe4 g6 27. Nxg6+ hxg6 28. Qxe6 Rf6 29. Qh3+ Kg8 30. Rb7 1-0

[Event "Guelph Winter ProAm"]
[Site "Guelph CAN"]
[Date "2011.02.06"]
[Round "5"]
[White "Brammall, Stuart"]
[Black "Cormier, Adam"]
[Result "0-1"]
[WhiteElo "1983"]
[BlackElo "1974"]
[PlyCount "42"]
[GameId "2160767909812726"]
[EventDate "2011.02.05"]
[EventType "swiss"]
[EventRounds "5"]
[EventCountry "CAN"]
[SourceTitle "EXT 2022"]
[Source "ChessBase"]
[SourceDate "2021.10.06"]
[SourceVersion "1"]
[SourceVersionDate "2021.10.06"]
[SourceQuality "1"]

1. e4 c5 2. Nf3 d6 3. b4 cxb4 4. d4 Nf6 5. Bd3 e6 6. O-O Be7 7. a3 bxa3 8. Nxa3 Bd7 9. Re1 O-O 10. Rb1 Bc6 11. Qe2 Re8 12. e5 dxe5 13. dxe5 Nd5 14. Nc4 Nc3 15. Bxh7+ Kxh7 16. Ng5+ Bxg5 17. Qh5+ Bh6 18. Bxh6 gxh6 19. Qxf7+ Kh8 20. Rxb7 Bxb7 21. Qg6 Qg5 0-1

[Event "Hamilton Winter op"]
[Site "Hamilton CAN"]
[Date "2011.03.26"]
[Round "1"]
[White "Crichton, Laurence"]
[Black "Sapozhnikov, Roman"]
[Result "0-1"]
[WhiteElo "2006"]
[BlackElo "2462"]
[PlyCount "82"]
[GameId "2160767909779064"]
[EventDate "2011.03.26"]
[EventType "swiss"]
[EventRounds "6"]
[EventCountry "CAN"]
[SourceTitle "hb 2012"]

1. d4 Nf6 2. c4 g6 3. Nc3 Bg7 4. e4 d6 5. Nf3 O-O 6. Be2 Nbd7 7. O-O e5 8. d5 Nc5 9. Qc2 a5 10. Bg5 h6 11. Bh4 g5 12. Bg3 Nh5 13. Nd2 Nf4 14. Rfe1 Nxe2+ 15. Rxe2 f5 16. exf5 Bxf5 17. Nde4 Nxe4 18. Nxe4 h5 19. f3 h4 20. Bf2 h3 21. g3 g4 22. fxg4 Bxg4 23. Ree1 b6 24. Be3 Qe8 25. Qd2 Qg6 26. Ng5 Bh6 27. Rf1 Rxf1+ 28. Rxf1 Rf8 29. Rxf8+ Bxf8 30. a3 Be7 31. Ne6 Qb1+ 32. Qc1 Qe4 33. Qd2 Bxe6 34. dxe6 Qxc4 35. Qc3 Qxc3 36. bxc3 d5 37. a4 Kg7 38. g4 Kf6 39. Kf2 Bc5 40. Bxc5 bxc5 41. Kg3 d4 0-1

[Event "Hamilton Winter op"]
[Site "Hamilton CAN"]
[Date "2011.03.26"]
[Round "1"]
[White "Khayutin, Constantine"]
[Black "Dougherty, Michael"]
[Result "0-1"]
[WhiteElo "1964"]
[BlackElo "2322"]
[PlyCount "91"]
[GameId "2160767909779065"]
[EventDate "2011.03.26"]
[EventType "swiss"]
[EventRounds "6"]
[EventCountry "CAN"]
[SourceTitle "EXT 2022"]
[Source "ChessBase"]
[SourceDate "2021.10.06"]
[SourceVersion "1"]
[SourceVersionDate "2021.10.06"]
[SourceQuality "1"]

1. Nf3 c5 2. g3 g6 3. Bg2 Bg7 4. c4 Nc6 5. Nc3 d6 6. O-O e5 7. d3 Nge7 8. Ng5 h6 9. Nge4 f5 10. Nd2 O-O 11. f4 Be6 12. Nd5 Rb8 13. a4 a6 14. Qb3 Kh7 15. e3 b5 16. axb5 axb5 17. cxb5 Nb4 18. e4 exf4 19. Rxf4 fxe4 20. dxe4 Rxf4 21. gxf4 Bxd5 22. exd5 Rxb5 23. Nc4 Rb8 24. Qd1 Qd7 25. Ra3 Nf5 26. Rb3 Re8 27. Bd2 Bd4+ 28. Kh1 Qa4 29. Bxb4 Rb8 30. Qd3 Rxb4 31. Ra3 Rxc4 32. Rxa4 Rxa4 33. Be4 Ne3 34. Bxg6+ Kg7 35. h3 Ra1+ 36. Kh2 Rd1 37. Qe4 Rd2+ 38. Kg3 Nf1+ 39. Kf3 Rf2+ 40. Kg4 Rg2+ 41. Kf3 Rxg6 42. Qe7+ Kg8 43. f5 Rg3+ 44. Kf4 Be5+ 45. Qxe5 dxe5+ 46. Kxe5 0-1

[Event "Hamilton Winter op"]
[Site "Hamilton CAN"]
[Date "2011.03.26"]
[Round "1"]
[White "Plotkin, Victor"]
[Black "Gashgarian, Robert"]
[Result "1-0"]
[WhiteElo "2409"]
[BlackElo "1979"]
[PlyCount "91"]
[GameId "2160767909779068"]
[EventDate "2011.03.26"]
[EventType "swiss"]
[EventRounds "6"]
[EventCountry "CAN"]
[SourceTitle "hb 2012"]

1. e4 e5 2. Nf3 Nc6 3. Bc4 Bc5 4. O-O Qe7 5. d3 Nf6 6. Nc3 h6 7. Na4 Bb6 8. Nxb6 axb6 9. c3 d6 10. Bb3 O-O 11. a3 Bg4 12. h3 Be6 13. Bc2 d5 14. exd5 Nxd5 15. Qe2 Qd6 16. Re1 Rfe8 17. Qe4 f5 18. Qh4 Bf7 19. Qg3 Bh5 20. Nd2 Qf6 21. f3 Rad8 22. Nf1 Re7 23. Bd2 f4 24. Qf2 Bg6 25. Rad1 Red7 26. Bc1 Nde7 27. Qe2 Qf5 28. Nd2 Qh5 29. Ne4 Nf5 30. d4 Ne3 31. Bxe3 fxe3 32. d5 Ne7 33. c4 Nc8 34. Qxe3 Nd6 35. Nxd6 Bxc2 36. Rd2 Rxd6 37. Rxc2 Rg6 38. Kh2 Re8 39. Rce2 Qh4 40. b3 Qg3+ 41. Kh1 Rf6 42. Qf2 Qf4 43. Re4 Qf5 44. Qg3 Rg6 45. Qh2 Rf8 46. Qxe5 1-0

[Event "Hamilton Winter op"]
[Site "Hamilton CAN"]
[Date "2011.03.26"]
[Round "1"]
[White "So, Wesley"]
[Black "Both, Aaron"]
[Result "1-0"]
[WhiteElo "2667"]
[BlackElo "2071"]
[PlyCount "91"]
[GameId "2160767909779070"]
[EventDate "2011.03.26"]
[EventType "swiss"]
[EventRounds "6"]
[EventCountry "CAN"]
[SourceTitle "hb 2012"]

1. d4 Nc6 2. Nf3 d5 3. c4 Bg4 4. Nc3 Bxf3 5. gxf3 e6 6. Bf4 dxc4 7. e3 Bd6 8. Bg3 Nge7 9. Bxc4 Nf5 10. d5 Nxg3 11. hxg3 Ne5 12. dxe6 fxe6 13. Bxe6 Qf6 14. Bd5 O-O-O 15. f4 Nd7 16. Qc2 Nb6 17. O-O-O Nxd5 18. Rxd5 h6 19. Rhd1 Kb8 20. e4 Be7 21. Rxd8+ Bxd8 22. Rd7 Qa6 23. Qd1 Kc8 24. Rxg7 Qc6 25. Qg4+ Kb8 26. Rg8 Rxg8 27. Qxg8 Kc8 28. Qd5 Qa6 29. Qf5+ Kb8 30. Qd7 Qd6 31. Qxd6 cxd6 32. Nd5 Kc8 33. Kd2 Kd7 34. Ke3 Ke6 35. f5+ Kf7 36. f4 h5 37. Kf3 a6 38. a4 Kg7 39. b4 Kf7 40. e5 dxe5 41. fxe5 Bg5 42. Ke4 Bd2 43. e6+ Ke8 44. f6 Be1 45. Kf4 Bd2+ 46. Kf5 1-0

[Event "Hamilton Winter op"]
[Site "Hamilton CAN"]
[Date "2011.03.26"]
[Round "2"]
[White "Dougherty, Michael"]
[Black "Wang, Jesse BJ"]
[Result "1-0"]
[WhiteElo "2322"]
[BlackElo "2087"]
[PlyCount "85"]
[GameId "2160767909779071"]
[EventDate "2011.03.26"]
[EventType "swiss"]
[EventRounds "6"]
[EventCountry "CAN"]
[SourceTitle "hb 2012"]

1. d4 d5 2. c4 c6 3. Nf3 Nf6 4. e3 e6 5. Bd3 Nbd7 6. O-O Bd6 7. Nc3 O-O 8. e4 dxe4 9. Nxe4 Nxe4 10. Bxe4 Nf6 11. Bc2 h6 12. Qe2 c5 13. dxc5 Bxc5 14. Bf4 b6 15. Rad1 Qe7 16. Ne5 Bb7 17. Bg3 Rfd8 18. a3 Rxd1 19. Rxd1 Rd8 20. b4 Rxd1+ 21. Qxd1 Bd6 22. Ng6 fxg6 23. Qxd6 Qxd6 24. Bxd6 Kf7 25. f3 g5 26. b5 Nd7 27. Kf2 Kf6 28. g4 Ne5 29. c5 bxc5 30. Bxc5 Nxf3 31. Bd1 Nxh2 32. Be2 Nxg4+ 33. Bxg4 a6 34. a4 axb5 35. axb5 e5 36. Bd7 h5 37. Bd6 e4 38. Ke3 g4 39. Bc7 Ke7 40. Bf5 g5 41. Be5 Kd8 42. b6 Bc6 43. Bf6+ 1-0